[Event "73rd RUS-ch Higher League 2020"]
[Site "Sochi"]
[Date "2020.10.08"]
[Round "1.18"]
[White "Ovchinnikov, Vsevolod"]
[Black "Pridorozhni, Aleksei"]
[Result "1/2-1/2"]
[WhiteElo "2349"]
[BlackElo "2596"]
[Annotator "TA"]
[PlyCount "159"]
[EventDate "2020.10.08"]
[EventType "swiss"]
[EventCountry "RUS"]
[SourceTitle "playchess.com"]
[Source "ChessBase"]
[SourceQuality "1"]

{[%evp 18,159,10,0,35,0,40,0,9,0,0,0,0,0,34,34,32,15,32,10,33,10,26,-15,0,-6,-6,-27,-18,-14,0,0,0,0,0,0,0,0,0,0,0,0,0,0,0,-4,-4,-3,-3,-25,-3,-12,-11,-20,-20,-263,-271,-268,-4,-3,0,-200,-200,-216,-223,-206,-125,-125,-125,-125,-125,-125,-125,-125,-120,-125,-120,-125,-125,-125,-120,-125,-125,-125,-125,-125,-125,-125,-125,-125,-125,-126,-126,-126,-126,-125,-125,-125,-125,-125,-125,-126,-126,-126,-126,-118,-118,-118,-118,-118,-77,-84,-84,-84,-84,-84,0,0,0,0,0,0,0,0,0,0,0,0,0,0,0,0,0,0,0,0,0,0,0,0,0,0,0,0]} 1. d4 Nf6 2. c4 e6 3. g3 c5 4. d5 exd5 5. cxd5 d6 6. Nc3 g6 7. Bg2 Bg7 8. Nf3 O-O 9. O-O Re8 10. Bf4 Bf5 $1 {[%mdl 4] now scores much better than the old 10...a6. A62: Modern Benoni: Fianchetto Variation without early ...Nbd7.} 11. Nh4 Bg4 12. h3 Nh5 13. hxg4 Nxf4 14. gxf4 {[#] Hoping for g5.} Qxh4 15. e3 {[#]} h6 $146 ({Predecessor:} 15... Nd7 16. Ne4 Nf6 17. Nxf6+ Qxf6 18. Rb1 h6 19. Qd3 Rab8 20. a4 Qh4 21. Bf3 Qh3 {0-1 (57) Feller,S (2573)-Donchenko,A (2581) Germany 2017}) 16. Bf3 Qe7 17. Qb3 a6 18. a4 Qc7 19. Be2 Nd7 20. a5 Rab8 21. Qc2 Nf6 22. Rfc1 Qd7 23. Qd1 g5 24. fxg5 hxg5 25. Ra4 b5 26. axb6 $1 Rxb6 27. Bxa6 Rxb2 28. Bd3 Reb8 29. Bf5 Qe7 30. Ne4 Nxe4 31. Rxe4 Be5 32. Kg2 Kg7 33. Rec4 Qf6 34. R4c2 R2b4 $36 {[%mdl 2048] Black has the initiative.} 35. Kf1 Rh8 {White must now prevent ...Rh1+.} 36. Ke2 $2 (36. Qf3 $11) 36... Rh2 $19 37. Rb1 {[#]} Qh6 $2 (37... Ra4 $1 $19 {Threatens to win with ...Bg3.} 38. Rcc1 Ra2+ 39. Rc2 Bg3 40. Rxa2 Rxf2+ 41. Kd3 Rxa2) 38. Rxb4 $11 cxb4 39. Kd3 $2 (39. Rc7 $1 $11 {and White has nothing to worry.} Bg3 40. Qd4+ Qf6 41. Qxf6+ Kxf6 42. Kf3) 39... b3 $19 40. Re2 b2 41. Qb3 Rh1 42. Rxb2 Bxb2 43. Qxb2+ Qf6 44. Qxf6+ Kxf6 $17 {[%mdl 4096] Endgame KR-KB} 45. f4 Ra1 46. Ke4 Ra3 47. Bd7 Rc3 48. Bf5 Rb3 49. Bh7 Rb4+ 50. Kf3 Kg7 51. Bf5 f6 52. Be6 Kf8 53. Bf5 Ke7 54. Be6 Kd8 55. Bf5 Kc7 56. Be6 Kb6 57. Bd7 Kc5 58. Be6 Rc4 59. Bf7 Kb4 60. Bg6 Kc3 61. Bf7 Kd2 62. Be6 Rb4 63. Bf7 Rb3 64. fxg5 fxg5 65. Ke4 Rxe3+ 66. Kf5 Re5+ (66... Rf3+ $17 67. Ke6 Ke3) 67. Kf6 $11 {The position is equal.} Ke3 {aiming for ...Kf4.} 68. Be6 Ke4 (68... Kf4 $5 69. Ke7 $8 Re4 70. Kxd6 Re5 $11) 69. Ke7 Rxd5 70. Bxd5+ Kxd5 {KPP-KP} 71. Kf6 Ke4 72. Kxg5 {KP-KP} d5 73. Kh6 d4 (73... Ke3 $5) 74. g5 d3 {( -> ...d2)} 75. g6 d2 76. g7 d1=R (76... d1=Q $5 77. g8=Q $8 Kf4 $11) 77. g8=Q {Qg4+ would kill now.} Rh1+ 78. Kg7 {Intending Qa8+ and mate.} Rg1+ 79. Kf8 Rxg8+ 80. Kxg8 {White happily takes the draw. Accuracy: White = 90%, Black = 86%.} 1/2-1/2

[Event "73rd RUS-ch Higher League 2020"]
[Site "Sochi"]
[Date "2020.10.08"]
[Round "1.19"]
[White "Lysyj, Igor"]
[Black "Rodchenkov, Vitaly"]
[Result "1-0"]
[WhiteElo "2593"]
[BlackElo "2321"]
[Annotator "TA"]
[PlyCount "93"]
[EventDate "2020.10.08"]
[EventType "swiss"]
[EventCountry "RUS"]
[SourceTitle "playchess.com"]
[Source "ChessBase"]
[SourceQuality "1"]

{[%evp 21,93,17,8,16,18,-3,0,7,11,11,47,46,54,38,80,86,118,112,103,120,141,124,118,123,119,117,139,93,91,87,107,46,52,46,45,37,37,41,36,43,42,25,42,43,77,81,78,62,69,28,37,14,16,16,27,0,8,8,6,-5,91,89,98,97,151,133,153,135,243,238,232,236,222,225]} 1. d4 d5 2. c4 e6 3. Nf3 Nf6 4. Nc3 Be7 5. Bf4 O-O 6. e3 b6 7. Be2 Bb7 8. O-O dxc4 9. Bxc4 a6 10. Rc1 b5 11. Be2 Nbd7 12. Ne5 {D37: Queen's Gambit Declined: 5 Bf4.} c5 13. Nxd7 Nxd7 {[#]} 14. d5 $146 {The position is equal.} ({Predecessor:} 14. dxc5 e5 15. Bg3 Bxc5 16. Bf3 Bxf3 17. Qxf3 Qf6 18. Qxf6 gxf6 19. Nd5 Rac8 {½-½ (19) Garces,J (1861)-Perez Lujan,M (1867) Medellin 2018}) 14... e5 15. Bg3 Nf6 {[%cal Rf6d5]} 16. Bf3 {And now d6 would win.} Qd6 17. Qc2 Rad8 {[%cal Rf6d5]} 18. Rfd1 Qb8 19. Qf5 Bd6 20. Bh4 ({Much worse is} 20. Ne4 $6 Nxe4 21. Bxe4 g6 $11) 20... Bc8 {[#]} 21. Qc2 $1 Be7 22. Bxf6 Bxf6 23. Ne4 c4 24. b3 cxb3 25. axb3 Bh4 26. Qc7 (26. g3 $16 f5 27. gxh4 fxe4 28. Bxe4) 26... Qxc7 $14 27. Rxc7 f5 28. Nc5 {Black must now prevent d6.} e4 29. Be2 Rd6 30. g3 Bf6 31. Rc1 Rxd5 {[#]} 32. Nxe4 $1 {[%mdl 512]} Be6 (32... fxe4 33. Rxc8) 33. Nc5 Bc8 34. Rc6 Rd2 35. Bf1 Rfd8 36. b4 Bb2 37. Rb1 $36 {[%mdl 2048] Strongly threatening Nb3. White is pushing.} Be5 38. Nb3 R2d6 39. Na5 Be6 40. Rbc1 Bf6 (40... R8d7 $11 {keeps the balance.}) 41. Nb7 $16 {[%mdl 64] Double Attack} Rxc6 42. Rxc6 Re8 ({Better is} 42... Rb8) 43. Rxa6 {White is clearly better.} Bd5 44. Nd6 ({Resist} 44. Bxb5 $6 Bxb7 45. Rxf6 Rc8 $14) 44... Re6 (44... Rd8 $16 45. Bxb5 Bf3) 45. Bxb5 $18 Be7 46. Nxf5 {Hoping for Rxe6.} Bxb4 47. Ra4 {Accuracy: White = 84%, Black = 70%.} 1-0

[Event "73rd RUS-ch Higher League 2020"]
[Site "Sochi"]
[Date "2020.10.08"]
[Round "1.20"]
[White "Stukan, Martin"]
[Black "Antipov, Mikhail Al."]
[Result "0-1"]
[WhiteElo "2316"]
[BlackElo "2591"]
[Annotator "TA"]
[PlyCount "77"]
[EventDate "2020.10.08"]
[EventType "swiss"]
[EventCountry "RUS"]
[SourceTitle "playchess.com"]
[Source "ChessBase"]
[SourceQuality "1"]

{[%evp 9,77,21,15,15,20,15,10,8,17,10,17,8,16,10,20,15,34,31,29,21,6,14,12,9,18,0,22,0,11,10,11,3,11,0,0,-16,-24,-31,-16,-23,-13,-131,-131,-171,-176,-178,-174,-343,-329,-332,-256,-248,-268,-543,-543,-526,-542,-497,-533,-532,-525,-517,-518,-497,-470,-751,-641,-6375,-5518,-29989]} 1. e4 e5 2. Nf3 Nc6 3. Bb5 Nf6 4. d3 Bc5 5. Bxc6 dxc6 6. O-O {C65: Ruy Lopez: Berlin Defence (3...Nf6), unusual lines and 4 0-0 Bc5.} Nd7 7. Nbd2 O-O 8. Nc4 {The position is equal.} f6 9. Nh4 Nb6 {[#]} 10. Be3 $146 ({Predecessor:} 10. Na5 Bb4 11. Nb3 a5 12. a3 Be7 13. Be3 Na4 14. Rb1 Be6 15. Nf5 Qd7 16. Nxe7+ Qxe7 {½-½ (35) Vitiugov,N (2751)-Kryvoruchko,Y (2683) Germany 2019}) 10... Be7 11. Nd2 Rf7 12. Nf5 Bf8 13. Qh5 Qe8 14. f4 exf4 15. Bxf4 Na4 16. b3 Nc3 17. Be3 Nd5 {Hoping for ...Bxf5.} 18. Bd4 Nb4 {And now ...Bxf5 would win.} 19. Ne3 c5 20. Bc3 Be6 21. Rf2 (21. Qh4 {with more complications.} Nc6 22. Nf3 Bd6 23. Rf2 b6 24. Nd2) 21... Rd7 $36 {[%mdl 2048] White is under pressure.} 22. Qxe8 (22. Qe2 {is interesting.} Nc6 23. Raf1 Nd4 24. Qd1 Qg6 25. Nf5) 22... Rxe8 23. Nf3 Bf7 24. Kf1 b5 {[%cal Bb7b5,Bb5b4][%mdl 32]} 25. a4 {[#]} (25. e5 $11) 25... Nxd3 $1 $17 {[%mdl 512]} 26. cxd3 Rxd3 27. Bd2 {[#]} b4 $1 ({Stronger than} 27... Rxe4 28. axb5 Rexe3 29. Bxe3 $11) 28. Ke2 $2 (28. e5 {is a better defense.}) 28... Rxb3 $19 29. e5 fxe5 30. Raf1 Bd6 31. Nxe5 $2 (31. Bc1 c4 32. Nd2 Rxe3+ 33. Kxe3 Bc5+ {[%mdl 64] Skewer} 34. Ke2) 31... Be6 {Black is clearly winning.} ({Weaker is} 31... Rxe5 32. Rxf7 c4 33. Rd7 $17) 32. Nc6 Bg4+ 33. Rf3 Bf4 {White must now prevent ...Bxe3.} 34. h3 Bxf3+ 35. Rxf3 Bxe3 36. Bxe3 c4 37. Kd2 (37. a5 $142) 37... Rd3+ 38. Ke2 b3 39. g3 {Accuracy: White = 59%, Black = 97%.} 0-1

[Event "73rd RUS-ch Higher League 2020"]
[Site "Sochi"]
[Date "2020.10.08"]
[Round "1.21"]
[White "Yuffa, Daniil"]
[Black "Nazaretyan, Tigran"]
[Result "1-0"]
[WhiteElo "2583"]
[BlackElo "2308"]
[Annotator "TA"]
[PlyCount "87"]
[EventDate "2020.10.08"]
[EventType "swiss"]
[EventCountry "RUS"]
[SourceTitle "playchess.com"]
[Source "ChessBase"]
[SourceQuality "1"]

{[%evp 12,87,19,16,22,0,14,0,0,0,0,3,27,36,31,7,33,27,32,32,81,69,217,25,23,29,33,10,19,29,13,26,143,143,211,199,225,55,139,141,103,147,302,296,317,324,321,325,312,316,316,314,281,250,329,329,329,329,329,327,410,402,654,645,798,798,793,752,793,792,989,975,29972,29974,29968,709,29973,29971]} 1. d4 d5 2. c4 dxc4 3. e3 Nf6 4. Bxc4 e6 5. Nf3 c5 6. O-O a6 7. Nc3 Nc6 {D27: Queen's Gambit Accepted: Classical main line: 7 e4!? and 7 a4.} 8. d5 $1 {[%mdl 4] outshines the older 8.a4.} Na5 9. b3 b5 $1 {[%cal Rb5c4] The position is equal.} 10. Bd3 Nxd5 11. Nxd5 {[#]} Qxd5 $146 ({Predecessor:} 11... exd5 12. Bb2 Nc6 13. a4 b4 14. Qc2 Bg4 15. Rad1 Bxf3 16. gxf3 Bd6 17. f4 Ne7 {1-0 (44) Sarana,A (2664)-Xu,X (2583) Moscow 2019}) 12. Qc2 Bb7 13. Rd1 {[%mdl 1024] White has compensation.} Qc6 14. Bb2 Be7 15. Rac1 {Hoping for b4!} h6 16. Ba1 (16. Bxg7 Rg8 $15) 16... Qb6 {[#]} (16... b4 $14) 17. b4 $1 {[%mdl 512]} cxb4 $11 18. Bd4 Qc6 19. Qb1 $1 ({Not} 19. Bxg7 $2 Qxc2 20. Rxc2 Rg8 $19) 19... Nc4 20. Bxc4 bxc4 21. Bxg7 Rg8 {[#]} (21... Rf8 $1 $11 {keeps the balance.}) 22. Qh7 $1 $16 {[%mdl 576] Double Attack} Rxg7 (22... Rf8 $16 23. Bxh6 (23. Bxf8 Bxf8 24. Rd4 c3 $16) 23... c3) 23. Qxg7 $18 {aiming for Rxc4!} Bf8 24. Qg8 $2 (24. Qg3 $1 $18) 24... Qc7 {[#]} (24... Qc5 $1 $14) 25. Rd4 $1 $40 {[%cal Rd4c4][%mdl 128] Black is in trouble.} c3 {[#]} 26. Rxb4 $1 Bxf3 $2 (26... Bd5 $16 {was called for.}) 27. gxf3 $18 O-O-O 28. Rd4 {And now Rxd8+ would win.} Bd6 29. Qg4 {Black must now prevent Rc4.} Bxh2+ 30. Kf1 {Strongly threatening Rc4.} Rxd4 31. Qxd4 {[%mdl 4096] Endgame KQR-KQB} Be5 32. Qb4 Bf6 33. Qf8+ Kb7 34. Qxh6 Be7 {Black wants to play ...Ba3.} 35. Qg7 f6 36. Qf7 Qd7 (36... Ka7 $142 37. Qxe6 Bb4 38. Qxf6 Qc4+ 39. Kg2 Qg8+ 40. Kf1 Qc4+ 41. Kg1 Qg8+ 42. Kh2 Qh7+ 43. Kg3 Qg8+ 44. Kh3 Qh7+ 45. Kg3 Qg8+ 46. Kh3 Qh7+ 47. Kg3) 37. Kg2 Qc7 38. Qxe6 Ka7 39. Qb3 Bd6 40. Qxc3 Qg7+ 41. Kf1 {Threatens to win with Qd4+.} Be5 42. Qc5+ Ka8 43. Qc6+ (43. Qc8+ $142 Ka7 44. Rd1 Bh2 45. Rd7+ Qxd7 46. Qxd7+ Kb6 47. Qe6+ Kb7 48. f4) 43... Ka7 44. Rd1 {Accuracy: White = 79%, Black = 43%.} 1-0

[Event "73rd RUS-ch Higher League 2020"]
[Site "Sochi"]
[Date "2020.10.08"]
[Round "1.22"]
[White "Ibadov, Dashgyn"]
[Black "Goryachkina, Aleksandra"]
[Result "0-1"]
[WhiteElo "2296"]
[BlackElo "2582"]
[Annotator "TA"]
[PlyCount "80"]
[EventDate "2020.10.08"]
[EventType "swiss"]
[EventCountry "RUS"]
[SourceTitle "playchess.com"]
[Source "ChessBase"]
[SourceQuality "1"]

{[%evp 17,80,-10,-8,-33,-27,-20,-13,-25,-29,-26,-13,-15,-33,-28,0,0,0,-26,0,0,0,0,0,-14,-8,-36,0,0,-3,-74,-66,-220,-235,-221,-221,-224,-222,-222,-217,-278,-278,-276,-265,-256,-222,-518,-513,-504,-508,-478,-466,-456,-428,-527,-478,-29974,-29972,-29987,-29979,-29979,-29980,-29980,-29981,-29980,-29981]} 1. e4 e5 2. Nf3 Nc6 3. d4 exd4 4. Nxd4 Nf6 5. Nxc6 bxc6 6. e5 Qe7 7. Qe2 Nd5 8. c4 Nb6 9. b3 a5 10. Nd2 {C45: Scotch Game.} a4 11. Bb2 axb3 12. axb3 {The position is equal.} Rxa1+ 13. Bxa1 Qa3 14. Qd1 Bb4 15. Bd3 Qa5 16. Ke2 d6 17. Nf3 Bg4 18. h3 Bxf3+ 19. Kxf3 {Threatens to win with exd6.} dxe5 {[#]} 20. Qc2 $146 ({Predecessor:} 20. Be4 O-O 21. g4 Qc5 22. Qd3 g6 23. Rd1 Qe7 24. Kg2 Qe6 25. Qf3 f5 26. gxf5 gxf5 {0-1 (132) Vuckovic,B (2563)-Ivanisevic,I (2595) Zlatibor 2007}) 20... g6 21. g4 Ke7 22. Kg2 Rd8 23. h4 (23. Bb2 $11) 23... Nd7 $1 $36 {[%cal Rd7c5][%mdl 2048] Hoping for ...Nc5. White is under pressure.} 24. h5 $2 {Now White is beyond hope.} (24. Bb2 $15) 24... Nc5 $19 25. hxg6 Nxd3 26. gxh7 {Qxd3! is the strong threat.} Ne1+ 27. Rxe1 Bxe1 28. Qf5 Qxa1 29. Qg5+ f6 $1 {[%cal Rf6g5]} 30. Qg7+ {[#]} Ke6 $1 31. g5 $2 {[#]} (31. Qg8+ {was the only chance.} Rxg8 32. hxg8=Q+ Kd7 33. Qf7+ Kc8 34. Qxf6) 31... e4 $1 {Strongly threatening ...Bxf2!} 32. Qg8+ {[#]} Rxg8 $1 33. hxg8=Q+ Kf5 34. Qh7+ Kxg5 35. Qg7+ Kf4 36. Qxc7+ (36. Qg3+ $19 Kf5 37. Qh3+ Ke5 38. Qg3+ Ke6 39. Qxc7) 36... Qe5 {Black mates.} 37. Qxc6 Qg5+ 38. Kf1 Kf3 39. Qd6 Bxf2 {[%csl Gf3][%cal Rg5g2]} 40. Qd1+ Kg3 {Accuracy: White = 70%, Black = 85%.} 0-1

[Event "73rd RUS-ch Higher League 2020"]
[Site "Sochi"]
[Date "2020.10.08"]
[Round "1.23"]
[White "Goganov, Aleksey"]
[Black "Saidov, Bilukhadzh"]
[Result "1-0"]
[WhiteElo "2573"]
[BlackElo "2259"]
[Annotator "TA"]
[PlyCount "151"]
[EventDate "2020.10.08"]
[EventType "swiss"]
[EventCountry "RUS"]
[SourceTitle "playchess.com"]
[Source "ChessBase"]
[SourceQuality "1"]

{[%evp 22,151,15,13,29,37,31,-5,13,13,17,2,12,-4,0,-8,0,0,6,0,0,3,14,0,0,-8,-3,0,21,19,18,24,84,83,117,114,154,85,84,85,86,89,90,64,93,83,87,87,87,87,79,74,90,17,51,24,33,22,24,22,24,14,24,24,24,24,24,24,24,24,24,0,0,0,0,0,0,0,0,0,0,-1960,7,0,10,10,25,25,186,150,328,280,243,146,401,410,895,568,493,450,439,379,270,0,0,0,0,0,0,0,0,0,0,0,0,0,0,0,0,0,0,0,0,0,0,0,0,0,0,0,29989,29990]} 1. Nf3 d5 2. g3 Nf6 3. Bg2 c5 4. O-O Nc6 5. d4 e6 6. c4 dxc4 7. Qa4 Bd7 8. Qxc4 cxd4 9. Nxd4 Rc8 10. Nc3 Nxd4 11. Qxd4 Bc5 12. Qh4 Bc6 {E04: Open Catalan: 5 Nf3.} 13. Bxc6+ Rxc6 14. Bg5 {aiming for Rfd1.} Be7 {The position is equal.} 15. Rad1 Qc7 {[#]} 16. Rd3 $146 ({Predecessor:} 16. Nb5 Qb6 17. a4 a6 18. Be3 Bc5 19. Nd4 Rc8 20. a5 Qb4 21. Rd3 {1-0 (90) De Carvalho,J (2199)-Limp,E (2377) Rio de Janeiro 2017}) 16... O-O 17. Rfd1 h6 18. Bf4 Qb6 19. Be5 Rfc8 20. Ne4 {[%cal Re5f6]} Nd5 21. Qg4 {[%csl Ge5][%cal Rg4g7]} Bf8 {White must now prevent ...f5.} 22. Qf3 Rc1 23. Kg2 Rxd1 24. Rxd1 Qb5 25. Nc3 Nxc3 26. Bxc3 b6 {[#]} (26... a5 $11 {keeps the balance.}) 27. Qb7 $1 $36 {[%cal Rb7c8][%mdl 2048] Keeping Black busy.} Re8 28. Rd7 Qf5 29. Qc6 ({Not} 29. Qxa7 Qe4+ 30. Kg1 Qb1+ 31. Kg2 Qe4+ 32. Kg1 Qb1+ 33. Kg2 Qe4+ $11) (29. e4 $142 Qg6 30. Qc6) 29... Bc5 30. e3 a5 31. a3 e5 32. Qd5 Re6 33. Qa8+ Kh7 34. Qf3 Qxf3+ 35. Kxf3 {[%mdl 4096] Endgame KRB-KRB} e4+ 36. Ke2 Kg6 37. g4 (37. b4 $16 Bd6 38. bxa5 bxa5 39. a4) 37... Be7 38. Rd5 (38. Bd4 {feels hotter.} Bf6 39. h3 Rc6 40. Kd2 b5 41. Rb7) 38... Bf6 39. Bxf6 Kxf6 $14 {KR-KR} 40. Rb5 Rc6 41. h4 g6 42. Kf1 Ke6 43. Kg2 f6 44. Kg3 g5 $1 45. h5 Kd6 46. f3 exf3 47. Kxf3 Ke6 48. e4 Rd6 49. Ke3 Rc6 50. Kd4 Rd6+ 51. Rd5 $2 {[%mdl 8192] [#]} (51. Kc4 $11) 51... Rc6 $2 ({Black should try} 51... a4 $1 $19 52. Kc4 Rxd5 53. exd5+ Ke5) 52. e5 fxe5+ 53. Rxe5+ Kd6 {next ...Rc4+! is good for Black.} 54. Re8 Kd7 $2 (54... a4 $11) 55. Rh8 Ke7 $2 (55... a4 $16 {is a better defense.} 56. Rh7+ Kc8) 56. Rh7+ $18 Kf8 57. Kd5 Rc2 $2 {[%mdl 8192]} (57... Rc5+ $16 58. Kd6 Rc4) 58. Rxh6 Rxb2 (58... Rg2 $142 59. Rxb6 Rxg4) 59. Ke5 Kg7 60. Rc6 Rb5+ 61. Ke6 Rb3 62. Rc7+ $2 (62. Kf5 $18) 62... Kh6 $11 63. Kf7 {Intending Kg8 and mate.} Kh7 $1 64. Kf6+ Kh6 65. Kf7 {Kg8 would kill now.} Kh7 $1 66. Kf6+ Kh6 67. Rc6 {Hoping for Kf5+.} (67. Rb7 {is interesting.} Rxa3 68. Rxb6 Rf3+ 69. Ke5+ Kh7 70. Ra6) 67... Rf3+ $1 68. Ke5+ Kh7 69. Rg6 Rxa3 70. Kf6 Rb3 71. Rg7+ Kh6 $1 {( -> ...Rf3+)} 72. Rg6+ Kh7 73. Kxg5 {And now Rc6 would win.} a4 74. Rd6 {Threatens to win with Rd7+.} Rb5+ 75. Kf6 {White threatens g5 and mate.} a3 $2 {[%mdl 8192]} (75... Rc5 $11) 76. g5 {What a bad dream for Black. Accuracy: White = 78%, Black = 69%.} 1-0

[Event "73rd RUS-ch Higher League 2020"]
[Site "Sochi"]
[Date "2020.10.08"]
[Round "1.24"]
[White "Bimiev, Ahmad"]
[Black "Rozum, Ivan"]
[Result "0-1"]
[WhiteElo "2252"]
[BlackElo "2566"]
[Annotator "TA"]
[PlyCount "48"]
[EventDate "2020.10.08"]
[EventType "swiss"]
[EventCountry "RUS"]
[SourceTitle "playchess.com"]
[Source "ChessBase"]
[SourceQuality "1"]

{[%evp 9,48,45,48,31,30,24,32,31,83,55,67,61,58,28,81,81,108,18,85,77,105,64,70,67,75,0,0,0,0,0,0,0,14,-6,29,27,27,15,14,-820,-731]} 1. c4 c5 2. Nc3 Nc6 3. Nf3 Nd4 4. e3 Nxf3+ 5. Qxf3 g6 6. Be2 {A35: Symmetrical English: 2 Nc3 Nc6 3 Nf3.} Bg7 7. O-O d6 8. d4 {[#] White is slightly better.} Nf6 $146 (8... cxd4 $14 9. exd4 Nf6) ({Predecessor:} 8... Nh6 9. Qe4 cxd4 10. exd4 O-O 11. Bxh6 Bxh6 12. Rad1 Rb8 13. Rfe1 Bf5 14. Qh4 Bg7 {0-1 (58) Krausse,A (1829)-Young,S (2165) ICCF email 2009}) 9. Qg3 Qb6 10. d5 O-O 11. Rd1 Rd8 (11... Ne8 $11 {keeps the balance.}) 12. e4 $16 e6 13. Rb1 (13. Qh4 $16 Ne8 14. Rd3) 13... Re8 (13... exd5 $11 14. cxd5 Re8) 14. Bg5 e5 15. h4 h6 16. Be3 Qc7 17. f4 ({Better is} 17. a3 $16) 17... exf4 18. Bxf4 Nxe4 19. Nxe4 Rxe4 20. Bd3 $1 {[%cal Rd3e4]} Rd4 21. Bxd6 Qd8 {[#] Threatens to win with ...Rg4.} 22. Bxc5 Rxh4 23. Re1 Bd7 24. Be7 $2 {[%mdl 8192]} (24. Bf2 $11 Rg4 25. Qe3) 24... Bd4+ {Accuracy: White = 50%, Black = 66%.} 0-1

[Event "73rd RUS-ch Higher League 2020"]
[Site "Sochi"]
[Date "2020.10.08"]
[Round "1.25"]
[White "Lintchevski, Daniil"]
[Black "Tugarin, Anton"]
[Result "1/2-1/2"]
[WhiteElo "2559"]
[BlackElo "2224"]
[Annotator "TA"]
[PlyCount "106"]
[EventDate "2020.10.08"]
[EventType "swiss"]
[EventCountry "RUS"]
[SourceTitle "playchess.com"]
[Source "ChessBase"]
[SourceQuality "1"]

{[%evp 14,106,20,14,21,12,14,6,0,-10,28,-71,8,0,-9,-45,-34,-64,0,0,0,-7,0,-1,-8,-8,10,10,10,10,21,21,21,25,25,10,25,10,10,25,25,25,25,25,25,25,25,25,25,25,25,25,25,0,32,25,25,0,25,25,29,25,25,25,26,5,24,3,3,0,3,0,26,0,13,0,31,20,33,18,53,53,60,53,61,53,53,0,61,0,53,0,61,0,54]} 1. e4 e6 2. d4 d5 3. Nd2 c5 4. Ngf3 cxd4 5. Nxd4 Nc6 6. Bb5 Bd7 7. Nxc6 bxc6 {The main line 7...bxc6 scores better than 7...Bxc6.} 8. Bd3 Bd6 {C07: French Tarrasch: 3...c5, 4 Ngf3 and 4 exd5 Qxd5.} 9. Qe2 e5 {[#]} 10. c4 $146 ({Predecessor:} 10. exd5 cxd5 11. c4 Ne7 12. cxd5 Nxd5 13. Nc4 Bb4+ 14. Kf1 O-O 15. h4 Nf4 16. Bxf4 exf4 {1-0 (26) Xiong,J (2709)-Huzman,A (2562) chess.com INT 2020}) 10... d4 11. f4 Qe7 12. f5 (12. fxe5 $11 Bxe5 13. Nf3) 12... f6 (12... Nf6 $17) 13. O-O Nh6 14. Nf3 Nf7 15. Bd2 Bb4 (15... a5 $15) 16. Bxb4 $11 Qxb4 17. a3 Qb6 18. b4 c5 19. b5 a5 20. Nd2 O-O-O 21. a4 Rdf8 22. Rf3 Nd6 23. Rg3 Rfg8 24. Nb3 Be8 25. Qd2 Nb7 $1 26. Rf1 {[%cal Ba1f1,Bf1f3,Bf3g3,Bg3g4][%mdl 32]} Kd8 27. Rh3 Ke7 28. Rff3 Bf7 29. Rh4 h6 30. Rg3 Kf8 31. Qe1 Ke7 32. Rgg4 Kf8 33. Rg3 Ke7 34. Rf3 Kf8 35. Qd2 Ke7 36. Rf2 Kf8 37. Kf1 Ke7 38. Ke1 Kf8 39. Kd1 Ke7 (39... g5 $5 {[%cal Rg5h4]} 40. fxg6 Rxg6 $11) 40. Kc1 Kf8 41. Qe1 Ke7 42. Rh3 Kf8 43. Kb1 Ke7 44. Qd2 Kf8 45. g4 Ke7 46. Rg3 Rh7 47. h4 Rgh8 48. Rfg2 Kf8 49. Kc2 Ke7 50. Kb1 Kf8 $1 51. Kc2 Ke7 52. Kb1 Kf8 $1 53. Kc2 Ke7 {Accuracy: White = 89%, Black = 84%.} 1/2-1/2

[Event "73rd RUS-ch Higher League 2020"]
[Site "Sochi"]
[Date "2020.10.09"]
[Round "2.1"]
[White "Sjugirov, Sanan"]
[Black "Lysyj, Igor"]
[Result "1/2-1/2"]
[WhiteElo "2675"]
[BlackElo "2593"]
[Annotator "TA"]
[PlyCount "75"]
[EventDate "2020.10.08"]
[EventType "swiss"]
[EventCountry "RUS"]
[SourceTitle "playchess.com"]
[Source "ChessBase"]
[SourceQuality "1"]

{[%evp 13,75,26,22,28,27,6,14,20,27,20,25,16,16,23,27,0,0,0,0,0,0,0,2,6,7,2,3,3,10,0,0,0,0,0,0,0,0,0,0,0,0,0,0,0,0,0,0,0,0,0,0,0,0,0,0,0,0,0,0,0,0,0,0,0]} 1. d4 Nf6 2. c4 e6 3. Nf3 d5 4. Nc3 c5 5. cxd5 cxd4 6. Qxd4 exd5 7. e4 Nc6 8. Bb5 {[%cal Re4d5] D41: Queen's Gambit Declined: Semi-Tarrasch with 5 cxd5.} dxe4 9. Qxd8+ Kxd8 10. Ng5 {[%mdl 64] [#] Double Attack} Ke7 11. O-O h6 12. Ngxe4 Nxe4 13. Nxe4 f5 {[#]} 14. Nc5 $146 ({Predecessor:} 14. Ng3 Be6 15. b3 Kf7 16. Bb2 Rd8 17. Rfc1 Bd6 18. Bxc6 bxc6 19. Rxc6 Rhe8 20. Nh5 {1-0 (70) Le,Q (2697)-Stopa,J (2469) Las Vegas 2015}) 14... Nd4 {The position is equal.} 15. Bd3 Kf6 16. Nb3 Nxb3 17. axb3 Be6 18. Be3 Bd6 19. Bc4 Bxc4 20. bxc4 Rhc8 21. Rfd1 Be5 22. f4 Bxb2 23. Rab1 Ba3 $1 24. Rxb7 {[#] Strongly threatening Ra1.} Rxc4 25. Ra1 Be7 {With the idea ...a5.} 26. Ra6+ Kf7 27. Ra5 Re4 28. Kf2 Kg6 29. Raxa7 Rxa7 30. Rxa7 $11 {[%mdl 4096] Endgame KRB-KRB} Bf6 31. Ra2 h5 32. Kf3 Rb4 33. Ra3 Re4 34. Rb3 Rc4 35. Rd3 Ra4 36. Rb3 Rc4 37. Rd3 Ra4 38. Rb3 {Not much happened in this game. Accuracy: White = 96%, Black = 100%.} 1/2-1/2